000 00800nas a2200277 4500
001 BR2010001449
003 BR-BrBNA
005 20231205113948.0
007 ta
008 230509b bl.|||p| |||| 00| 00por d
040 _aBR-BrBNA
_bpor
_cBiblioteca Nacional de Agricultura
041 _a(Pt)
072 _aH10
100 1 _aAzambuja, A.O. de
100 1 _aAlles, G.C.
100 1 _aFritz, L.L.
100 1 _aReche, M.H.R.
100 1 _aFiuza, L.M.
245 1 _aEcologia de Bacillus entomopatogênicos
650 _aBACTERIA
650 _aCONTROLE BIOLÓGICO
650 _aBIOLOGIA
773 0 _tBiotecnologia, Ciência e Desenvolvimento (Brazil)
_xISSN 1414-6347
_g(2009-2010), v. 11(38) p. 14-23
_wBR2010001449
909 _a202311
_bLúcia
_c55
_dLúcia Elande
942 _2AGRIS
_n0
_cANA
999 _c206470
_d206470